Online Catalogue and eLibrary

Imperialism and internationalism / (Record no. 488)

MARC details
000 -LEADER
fixed length control field 00633cam a2200205 a 4500
001 - CONTROL NUMBER
control field 11775939
005 - DATE AND TIME OF LATEST TRANSACTION
control field 20240226052525.0
008 - FIXED-LENGTH DATA ELEMENTS--GENERAL INFORMATION
fixed length control field 990812s1998 enk b 001 0 eng
020 ## - INTERNATIONAL STANDARD BOOK NUMBER
ISBN 1854891073 (pb)
020 ## - INTERNATIONAL STANDARD BOOK NUMBER
ISBN 1854891065 (hb)
040 ## - CATALOGING SOURCE (பட்டியலாக்க மூலம்)
Original cataloging agency DLC
Transcribing agency DLC
Modifying agency DLC
082 00 - DDC Classification
Class No. 321.03.
DDC Edition Number 21
Item Number - Author Mark IMP.
245 00 - TITLE STATEMENT
Title Imperialism and internationalism /
Statement of responsibility, etc. edited by Willie Thompson ... [et al.].
260 ## - PUBLICATION, DISTRIBUTION, ETC.
Place of publication, distribution, etc. London ;
-- New York :
Name of publisher, distributor, etc. Rivers Oram Press ;
-- Distributed in the USA by New York University Press,
Date of publication, distribution, etc. 1998.
300 ## - PHYSICAL DESCRIPTION
Extent (e.g. Volumes, Pages etc.) 102 p. ;
650 #0 - SUBJECT ADDED ENTRY--TOPICAL TERM
Topical term or geographic name entry element Imperialism.
650 #0 - SUBJECT ADDED ENTRY--TOPICAL TERM
Topical term or geographic name entry element Nationalism.
700 1# - ADDED ENTRY--PERSONAL NAME
Personal name Thompson, Willie.
Relator term (Role) Editor
942 ## - Koha item type (Biblio)
Koha item type Books in Stacks (Lending)
Holdings
Lost status Damaged status Collection code Home library Current library Date acquired Full call number Accession Number Item type
    Lending WERC Library WERC Library 02/26/2024 321.03. IMP. 4156 Books in Stacks (Lending)

© WERC Library